00406nam a2200169Ia 4500001001000000003000500010008004100015010001100056040000900067082001600076100001700092245004300109260002800152300001100180650002600191650001900217Para_1907CHAP220125s1952 xx 000 0 und d a200514 cCHAP aPA 595.7 F4 aFenton, F.A. aField crop insects /c by F.A. Fenton aNew York :b Mc.Millan a405 p. aAgricultura x plagas aEntomología